[Event "Cappelle-la-Grande 2014"]
[Site "Cappelle-la-Grande (FRA)"]
[Date "????.??.??"]
[Round "2.59"]
[White "Georgiadis, Nico"]
[Black "Lyell, Mark"]
[Result "0-1"]
[WhiteElo "2441"]
[BlackElo "2205"]
[PlyCount "86"]

1. e4 c6 2. d4 d5 3. exd5 cxd5 4. Bd3 Nc6 5. c3 Qc7 6. Ne2 Bg4 7. f3 Bd7 8. O-O
e6 9. Bf4 Bd6 10. Bxd6 Qxd6 11. Nd2 Nge7 12. f4 g6 13. Nf3 Nf5 14. Qd2 O-O-O
15. b4 Kb8 16. Nc1 f6 17. Nb3 h6 18. Bxf5 exf5 19. a4 Ne7 20. Ne1 Nc8 21. Nd3
Nb6 22. Nbc5 Nc4 23. Qf2 Rde8 24. Rfe1 b6 25. Na6+ Kb7 26. b5 Ka8 27. Reb1 Bc8
28. Nab4 Bb7 29. Ra2 Re4 30. g3 Rhe8 31. Nc5 bxc5 32. dxc5 Qe6 33. c6 Bc8 34.
a5 Ne3 35. b6 Rxb4 36. cxb4 Qxc6 37. b5 Qc4 38. bxa7 Qe4 39. Rc1 d4 40. a6 Be6
41. Rac2 Nxc2 42. Qxc2 Qxc2 43. Rxc2 d3 0-1

[Event "Cappelle-la-Grande 2014"]
[Site "Cappelle-la-Grande (FRA)"]
[Date "????.??.??"]
[Round "2.60"]
[White "Monroy, Charles"]
[Black "Peric, Slavisa"]
[Result "1-0"]
[WhiteElo "2431"]
[BlackElo "2183"]
[PlyCount "75"]

1. Nf3 d5 2. c4 c6 3. e3 Nf6 4. Nc3 e6 5. b3 Nbd7 6. Qc2 a6 7. d4 b6 8. Be2 Bb7
9. O-O Bd6 10. Bb2 Rc8 11. Rad1 Qe7 12. e4 dxe4 13. Nxe4 Nxe4 14. Qxe4 Nf6 15.
Qh4 Nd7 16. Qg4 f5 17. Qh5+ g6 18. Qh6 Nf6 19. Ne5 Bxe5 20. dxe5 Ne4 21. f3 Ng5
22. Rd6 Nf7 23. Qg7 Rf8 24. Rd2 Rd8 25. Rfd1 Rxd2 26. Rxd2 Nd8 27. Qh6 c5 28.
h4 Nf7 29. Qxh7 g5 30. Qg6 gxh4 31. Rd6 Bc8 32. Rxb6 Kd7 33. Bc3 Rh8 34. f4 Nd8
35. Bf3 h3 36. Ba5 h2+ 37. Kh1 Qf7 38. Rd6+ 1-0

[Event "Cappelle-la-Grande 2014"]
[Site "Cappelle-la-Grande (FRA)"]
[Date "????.??.??"]
[Round "2.61"]
[White "Abergel, Thal"]
[Black "Vrublevskaya, Olga"]
[Result "1-0"]
[WhiteElo "2426"]
[BlackElo "2186"]
[PlyCount "55"]

1. e4 d6 2. d4 Nf6 3. Nc3 e5 4. Nf3 Nbd7 5. g4 Nxg4 6. Rg1 Ngf6 7. Be3 c6 8.
Qd2 b5 9. a3 Bb7 10. O-O-O a6 11. Bh3 Qc7 12. dxe5 dxe5 13. Ng5 Nc5 14. f4 h6
15. Nf3 exf4 16. Bxf4 Qe7 17. Qf2 Rd8 18. Rxd8+ Qxd8 19. Rd1 Qa5 20. Qg3 Nh5
21. Bc7 Nxg3 22. Bxa5 Ngxe4 23. Rd8+ Ke7 24. Nxe4 Nxe4 25. Rd7+ Kf6 26. Bd8+
Kg6 27. Ne5+ Kh7 28. Bf5+ 1-0

[Event "Cappelle-la-Grande 2014"]
[Site "Cappelle-la-Grande (FRA)"]
[Date "????.??.??"]
[Round "2.62"]
[White "Lopez, Jasel"]
[Black "Roser, Kevin"]
[Result "1/2-1/2"]
[WhiteElo "2202"]
[BlackElo "2422"]
[PlyCount "45"]

1. d4 Nf6 2. c4 e6 3. Nc3 Bb4 4. e3 O-O 5. Nge2 d5 6. cxd5 exd5 7. g3 Re8 8.
Bg2 Bf8 9. O-O Na6 10. Nf4 c6 11. f3 Nc7 12. g4 h6 13. h3 c5 14. Nd3 Ne6 15.
Ne5 Qb6 16. f4 cxd4 17. Na4 Qc7 18. exd4 Bd7 19. Be3 Rac8 20. Nc3 Bc6 21. g5
Nd7 22. Nxd5 Qd6 23. Nc4 1/2-1/2

[Event "Cappelle-la-Grande 2014"]
[Site "Cappelle-la-Grande (FRA)"]
[Date "????.??.??"]
[Round "2.63"]
[White "Roeder, Matthias"]
[Black "Jarmula, Pawel"]
[Result "1-0"]
[WhiteElo "2416"]
[BlackElo "2168"]
[PlyCount "137"]

1. Nf3 d5 2. d4 Nf6 3. Bf4 c5 4. c3 Qb6 5. Qb3 e6 6. e3 Be7 7. h3 Nc6 8. Nbd2
O-O 9. Be2 Qxb3 10. axb3 b6 11. Ba6 Nd7 12. Ke2 f6 13. Bg3 Bxa6+ 14. Rxa6 e5
15. dxe5 fxe5 16. e4 dxe4 17. Nxe4 Na5 18. Nxe5 Nb8 19. Rxa5 bxa5 20. Ra1 Bd8
21. Nxc5 Re8 22. Kd2 Bc7 23. Ncd3 Re6 24. Kc2 Na6 25. f4 Rf8 26. h4 Rd8 27. Bf2
Nb8 28. Bxa7 Nc6 29. Nxc6 Rxc6 30. Re1 Rg6 31. Re2 Rg4 32. b4 axb4 33. Nxb4
Rxf4 34. h5 Kf7 35. Nc6 Re8 36. Rd2 Ke6 37. b4 Ra8 38. Kb3 Rf1 39. b5 Bf4 40.
Rd4 Rb1+ 41. Kc4 Bd6 42. Bc5 Ra4+ 43. Bb4 Bc7 44. Re4+ Kf6 45. Kc5 Rh1 46. g4
Rd1 47. b6 Bg3 48. Kb5 Ra8 49. Re3 Bh2 50. Be7+ Kf7 51. Rh3 Rd2 52. b7 Re8 53.
Bb4 Bc7 54. Rf3+ Kg8 55. c4 Rg2 56. Ne7+ Kh8 57. h6 Rxg4 58. Bc3 Rg5+ 59. Ka6
Be5 60. Bxe5 Rxe5 61. Nd5 Re1 62. Rf7 Ra1+ 63. Kb6 Rb1+ 64. Kc7 Kg8 65. Rxg7+
Kh8 66. Rd7 Rc1 67. Nb6 Rb1 68. c5 Rb5 69. c6 1-0

[Event "Cappelle-la-Grande 2014"]
[Site "Cappelle-la-Grande (FRA)"]
[Date "????.??.??"]
[Round "2.64"]
[White "Brookes, Christopher"]
[Black "Piscopo, Pierluigi"]
[Result "0-1"]
[WhiteElo "2146"]
[BlackElo "2407"]
[PlyCount "54"]

1. e4 c5 2. Nf3 Nc6 3. d4 cxd4 4. Nxd4 e5 5. Nb5 d6 6. N1c3 a6 7. Na3 Be7 8.
Nd5 Nf6 9. Nxf6+ Bxf6 10. Be2 Be6 11. c4 Bg5 12. O-O O-O 13. Nc2 Rc8 14. b4 h6
15. Bxg5 Qxg5 16. Qc1 Qg6 17. Bd3 b5 18. c5 Bh3 19. g3 Bxf1 20. Kxf1 Rfd8 21.
Qa3 dxc5 22. bxc5 Nd4 23. Ne3 Qh5 24. Kg1 Nf3+ 25. Kg2 Ng5 26. Rd1 Qf3+ 27. Kf1
Nxe4 0-1

[Event "Cappelle-la-Grande 2014"]
[Site "Cappelle-la-Grande (FRA)"]
[Date "????.??.??"]
[Round "2.65"]
[White "Yagupov, Igor"]
[Black "Paleologu, Vladimir"]
[Result "1-0"]
[WhiteElo "2393"]
[BlackElo "2176"]
[PlyCount "105"]

1. e4 d5 2. exd5 Qxd5 3. Nf3 Nf6 4. d4 c6 5. c4 Qd8 6. Nc3 Bf5 7. Bd3 Bxd3 8.
Qxd3 e6 9. O-O Be7 10. Bf4 O-O 11. Rad1 Nbd7 12. Ne5 Qa5 13. Qe2 Rfd8 14. Rd3
Nxe5 15. Bxe5 Nd7 16. Bf4 Nf6 17. Rfd1 Qh5 18. Qxh5 Nxh5 19. Be3 Nf6 20. d5
exd5 21. cxd5 cxd5 22. Nxd5 Nxd5 23. Rxd5 b6 24. Kf1 Rxd5 25. Rxd5 Rd8 26.
Rxd8+ Bxd8 27. Ke2 Kf8 28. Kd3 Ke8 29. Kc4 a6 30. Kd5 Kd7 31. a4 a5 32. g4 Kc7
33. Bf4+ Kd7 34. Bd6 Bh4 35. f4 g6 36. Be5 Be7 37. Bd4 Bd8 38. g5 Bc7 39. Be5
Bd8 40. Bd6 Bc7 41. Bxc7 Kxc7 42. h3 Kd7 43. h4 Kc7 44. Ke5 Kd7 45. Kf6 Ke8 46.
Kg7 Ke7 47. Kxh7 Ke6 48. Kg8 Ke7 49. Kg7 Ke6 50. Kf8 f6 51. Kg7 fxg5 52. fxg5
Kf5 53. Kf7 1-0

[Event "Cappelle-la-Grande 2014"]
[Site "Cappelle-la-Grande (FRA)"]
[Date "????.??.??"]
[Round "2.66"]
[White "Tomczak, Mikolaj"]
[Black "Manea, Alexandru"]
[Result "1-0"]
[WhiteElo "2138"]
[BlackElo "2385"]
[PlyCount "141"]

1. e4 c5 2. Nc3 e6 3. Nf3 a6 4. d4 cxd4 5. Nxd4 Qc7 6. g3 Nc6 7. Bg2 d6 8. O-O
Bd7 9. Re1 Be7 10. Nxc6 Bxc6 11. Qg4 h5 12. Qe2 Kf8 13. Bf4 h4 14. Rad1 Rd8 15.
g4 Nf6 16. h3 e5 17. Bg5 g6 18. Bxf6 Bxf6 19. Nd5 Bxd5 20. Rxd5 Bg5 21. Red1
Qb6 22. c3 Kg7 23. Qc2 Rhe8 24. Bf1 Re6 25. Kg2 Rf6 26. R1d3 Rf4 27. Rf3 Rxf3
28. Kxf3 Rc8 29. Bd3 Rc6 30. Kg2 Kf8 31. Be2 Kg7 32. Bf1 Bf4 33. Be2 Bg5 34.
Bf1 Qd8 35. Be2 Bh6 36. Bd1 Qc7 37. Qe2 Bf4 38. Bb3 Rb6 39. Rd1 Qc6 40. Bd5 Qa4
41. b4 a5 42. Bb3 Qd7 43. bxa5 Ra6 44. Rd5 Qc7 45. Qb5 Rc6 46. Rd3 Rc5 47. Qb4
Bg5 48. Rd5 Bd8 49. Rxc5 dxc5 50. Qc4 Kh6 51. a6 bxa6 52. Qxa6 c4 53. Bxc4 Kg7
54. Qb5 Be7 55. Bb3 Bc5 56. Qe8 Qe7 57. Qxe7 Bxe7 58. Kf3 Bc5 59. Ke2 Kf6 60.
Kd3 Ke7 61. Kc4 Kd6 62. g5 Bxf2 63. Kb5 Be3 64. c4 Bxg5 65. c5+ Kc7 66. Bxf7
Bc1 67. Bxg6 Ba3 68. Kc4 Kd7 69. Kd5 Kc7 70. c6 Bf8 71. Kxe5 1-0

[Event "Cappelle-la-Grande 2014"]
[Site "Cappelle-la-Grande (FRA)"]
[Date "????.??.??"]
[Round "2.67"]
[White "Migot, Tangi"]
[Black "Kieffer, Christian"]
[Result "1-0"]
[WhiteElo "2379"]
[BlackElo "2135"]
[PlyCount "77"]

1. e4 g6 2. d4 c6 3. Nc3 d5 4. h3 Bg7 5. Nf3 dxe4 6. Nxe4 Bf5 7. Ng3 Be6 8. c3
Nf6 9. Bd3 Bd5 10. O-O O-O 11. Ne5 Nfd7 12. c4 Nxe5 13. dxe5 Be6 14. Re1 Na6
15. Qe2 Nc5 16. Bc2 b5 17. cxb5 cxb5 18. Qxb5 Qb6 19. Qxb6 axb6 20. Bg5 Rfe8
21. a4 Bb3 22. Bxb3 Nxb3 23. Ra3 Na5 24. Rc3 h6 25. Bf4 g5 26. Bd2 Rad8 27. Rc2
Nc4 28. Bc3 Rc8 29. Nf5 Bf8 30. e6 Nxb2 31. Rxb2 Rxc3 32. Rxb6 Rc4 33. Ra6 h5
34. Ra7 f6 35. g3 Rc5 36. g4 hxg4 37. hxg4 Rc4 38. f3 Rb8 39. Re2 1-0

[Event "Cappelle-la-Grande 2014"]
[Site "Cappelle-la-Grande (FRA)"]
[Date "????.??.??"]
[Round "2.68"]
[White "Rendboe, John"]
[Black "Ivanov, Mikhail M"]
[Result "1/2-1/2"]
[WhiteElo "2173"]
[BlackElo "2367"]
[PlyCount "44"]

1. d4 Nf6 2. c4 g6 3. Nc3 Bg7 4. e4 d6 5. Nf3 O-O 6. Be2 c5 7. O-O Bg4 8. d5 b5
9. cxb5 Bxf3 10. Bxf3 a6 11. a4 axb5 12. Nxb5 Nfd7 13. Rb1 Na6 14. b3 Nc7 15.
Be2 f5 16. exf5 Rxf5 17. Nxc7 Qxc7 18. Bg4 Rff8 19. Qe2 Nf6 20. Be6+ Kh8 21.
Qc4 Qa5 22. Be3 Rfb8 1/2-1/2

[Event "Cappelle-la-Grande 2014"]
[Site "Cappelle-la-Grande (FRA)"]
[Date "????.??.??"]
[Round "2.69"]
[White "Mannion, Stephen R"]
[Black "Senders, Mischa"]
[Result "1/2-1/2"]
[WhiteElo "2365"]
[BlackElo "2110"]
[PlyCount "134"]

1. e4 c5 2. Nf3 d6 3. d4 cxd4 4. Nxd4 Nf6 5. Nc3 a6 6. f4 e5 7. Nf3 Nbd7 8. Bd3
Be7 9. O-O O-O 10. Kh1 b5 11. a3 Bb7 12. Qe1 Qc7 13. Nh4 Rfe8 14. Nf5 Bf8 15.
fxe5 Nxe5 16. Bg5 Nfd7 17. Qg3 Kh8 18. Rae1 Rac8 19. Qh4 Nc5 20. Re3 Ne6 21.
Rh3 Nxg5 22. Qxg5 Qd8 23. Qh5 h6 24. Ne3 g6 25. Qd1 Bg7 26. Ncd5 Kg8 27. b4 Bc6
28. Rg3 Bd7 29. Be2 Be6 30. Nf4 Rc3 31. Nxe6 Rxe6 32. Nd5 Rxg3 33. hxg3 Qg5 34.
Kh2 h5 35. Qc1 Qxc1 36. Rxc1 Nc6 37. Bd3 Bb2 38. Rb1 Bxa3 39. Ra1 Bb2 40. Rxa6
Nd4 41. Nf4 Re8 42. Rxd6 h4 43. Rd5 hxg3+ 44. Kxg3 Rc8 45. Rc5 Rxc5 46. bxc5
Ne6 47. Nxe6 fxe6 48. Kf4 Kf7 49. e5 Bd4 50. c6 Bb6 51. Bxb5 Bd8 52. Be2 Kf8
53. c4 Kf7 54. c5 Kf8 55. Ke4 Ke7 56. Kd4 Kf7 57. Bd3 g5 58. Be2 Ke7 59. Bh5
Bc7 60. Bg6 Bb8 61. Bc2 Bc7 62. Bb3 Bb8 63. Bc2 Bc7 64. Bb3 Bb8 65. Kc4 Bxe5
66. Kb5 Kd8 67. Bxe6 Kc7 1/2-1/2

[Event "Cappelle-la-Grande 2014"]
[Site "Cappelle-la-Grande (FRA)"]
[Date "????.??.??"]
[Round "2.70"]
[White "Kerigan, Demre"]
[Black "Warakomska, Anna"]
[Result "0-1"]
[WhiteElo "2356"]
[BlackElo "2144"]
[PlyCount "128"]

1. e4 e5 2. Nf3 Nc6 3. d4 exd4 4. Nxd4 Bc5 5. Nb3 Bb6 6. Qe2 d6 7. Nc3 Nf6 8.
Bg5 h6 9. Bh4 g5 10. Bg3 Qe7 11. O-O-O Bd7 12. f3 O-O-O 13. Bf2 Rde8 14. Nd4
Nxd4 15. Bxd4 Bxd4 16. Rxd4 Qe5 17. Qd2 Qa5 18. Bc4 Be6 19. Rd1 a6 20. Kb1 Kb8
21. Bf1 Bd7 22. a3 Qe5 23. g3 Bc6 24. Rb4 Ka8 25. Bc4 Re7 26. Qe2 Qa5 27. Qf1
Rhe8 28. Ka2 Nd7 29. Nd5 Re5 30. Qd3 Nc5 31. Qd4 b5 32. Bb3 Nxb3 33. Rxb3 Bxd5
34. exd5 Qb6 35. Qxb6 cxb6 36. Rc3 Kb7 37. Rc6 Rc8 38. Rxc8 Kxc8 39. Rd2 Kd7
40. Kb1 Re3 41. Rf2 Re1+ 42. Ka2 Rd1 43. f4 g4 44. h3 h5 45. hxg4 hxg4 46. f5
Rxd5 47. Rf4 Ke7 48. Kb3 Kf6 49. Rxg4 Rxf5 50. c4 bxc4+ 51. Kxc4 Ke5 52. Rg8
d5+ 53. Kd3 Rf3+ 54. Kd2 Rf2+ 55. Kc3 d4+ 56. Kc4 b5+ 57. Kb3 a5 58. Rb8 a4+
59. Ka2 d3 60. Rxb5+ Kd4 61. Rb7 d2 62. Rd7+ Ke3 63. Rd8 Ke2 64. Re8+ Kf1 0-1

[Event "Cappelle-la-Grande 2014"]
[Site "Cappelle-la-Grande (FRA)"]
[Date "????.??.??"]
[Round "2.71"]
[White "Cornette, Matthieu"]
[Black "Goossens, Hanne"]
[Result "0-1"]
[WhiteElo "2566"]
[BlackElo "2092"]
[PlyCount "80"]

1. c4 c5 2. Nc3 Nc6 3. Nf3 g6 4. e3 Bg7 5. d4 cxd4 6. exd4 d6 7. Be2 Nf6 8. d5
Nb8 9. Nd4 O-O 10. O-O Na6 11. Be3 Nc5 12. b4 Nce4 13. Nb1 Ne8 14. f3 N4f6 15.
Nc3 e5 16. dxe6 Bxe6 17. Qb3 Nc7 18. Nxe6 Nxe6 19. Rad1 Qe7 20. Rfe1 Nc5 21.
Bxc5 dxc5 22. Bf1 Qc7 23. Nb5 Qc6 24. Rd6 Qc8 25. Re7 cxb4 26. Qxb4 Ne8 27. Rd5
a6 28. Nc3 Bf6 29. Re4 Nc7 30. Rc5 Qd7 31. Ne2 Qd6 32. a3 b6 33. Rxc7 Qxc7 34.
Nf4 Qc5+ 35. Kh1 Qxb4 36. axb4 Bg7 37. Nd5 Rfb8 38. c5 bxc5 39. bxc5 Rb1 40.
Kg1 Rd8 0-1

[Event "Cappelle-la-Grande 2014"]
[Site "Cappelle-la-Grande (FRA)"]
[Date "????.??.??"]
[Round "2.72"]
[White "Milchev, Nikolay"]
[Black "Noguchi, Koji"]
[Result "1/2-1/2"]
[WhiteElo "2469"]
[BlackElo "2086"]
[PlyCount "127"]

1. d4 g6 2. Nf3 Bg7 3. g3 c5 4. c3 Qa5 5. Bg2 cxd4 6. Nxd4 Nf6 7. O-O O-O 8.
Nd2 Nc6 9. b4 Qd8 10. N2b3 Nxd4 11. cxd4 d5 12. Bf4 Bf5 13. Nc5 b6 14. Nd3 Rc8
15. Be5 Rc4 16. a3 Qd7 17. Nf4 Be4 18. f3 Bc2 19. Qd2 Rfc8 20. Bh3 e6 21. Rfc1
Qc6 22. Bf1 Bb3 23. Nd3 Nd7 24. Bxg7 Kxg7 25. Qb2 Qa4 26. Rxc4 Bxc4 27. Rc1 Rc6
28. Nf2 Qb5 29. Nd1 Qa4 30. Kf2 Qa6 31. Nc3 b5 32. a4 bxa4 33. Ra1 Qc8 34. Nxa4
a6 35. Nc5 Kg8 36. e3 Bxf1 37. Kxf1 Nb6 38. Ke2 Nc4 39. Qa2 Kg7 40. e4 Qb8 41.
Qa4 Qb6 42. e5 a5 43. Rb1 Rc7 44. f4 axb4 45. Rxb4 Qa7 46. Kf2 h5 47. Ke2 Re7
48. Kf2 Rc7 49. Ke2 Re7 50. h3 Rc7 51. g4 hxg4 52. hxg4 Re7 53. g5 Rc7 54. Qxa7
Rxa7 55. Rb8 Kh7 56. Kd3 Kg7 57. Rd8 Nb6 58. Kc3 Ra8 59. Rxa8 Nxa8 60. Nd7 Kg8
61. Kb4 Nc7 62. Kc5 Ne8 63. Nf6+ Kf8 64. Nxe8 1/2-1/2

[Event "Cappelle-la-Grande 2014"]
[Site "Cappelle-la-Grande (FRA)"]
[Date "????.??.??"]
[Round "2.73"]
[White "Georgescu, Tiberiu-Marian"]
[Black "Duverne, Jean-Marie"]
[Result "1-0"]
[WhiteElo "2468"]
[BlackElo "2081"]
[PlyCount "65"]

1. d4 e6 2. c4 Nf6 3. Nf3 Bb4+ 4. Bd2 Bxd2+ 5. Nbxd2 d5 6. g3 O-O 7. Bg2 b6 8.
O-O Bb7 9. Rc1 Nbd7 10. b4 c6 11. Nb3 Qe7 12. c5 e5 13. b5 Rac8 14. Bh3 cxb5
15. Nxe5 bxc5 16. Nxd7 Nxd7 17. Nxc5 Rxc5 18. dxc5 Nxc5 19. Qd4 Ne4 20. Bg2 Ba8
21. Rc2 a6 22. Rd1 Nf6 23. Bh3 h5 24. Rdc1 Ne4 25. Rc8 Ng5 26. Rxf8+ Qxf8 27.
Bf5 Ne6 28. Bxe6 fxe6 29. Rc7 Kh7 30. Qe5 Kh6 31. Qxe6+ g6 32. Qe3+ g5 33. Qb6+
1-0

[Event "Cappelle-la-Grande 2014"]
[Site "Cappelle-la-Grande (FRA)"]
[Date "????.??.??"]
[Round "2.74"]
[White "Santiago, Yago De Moura"]
[Black "Hoffmann, Roger"]
[Result "1-0"]
[WhiteElo "2446"]
[BlackElo "2062"]
[PlyCount "79"]

1. d4 d5 2. c4 dxc4 3. Nf3 Nf6 4. Qa4+ Nbd7 5. Qxc4 e6 6. Nc3 Nb6 7. Qb3 a6 8.
Bg5 Be7 9. e4 O-O 10. Rd1 Bd7 11. Be2 Qe8 12. Qc2 Rc8 13. O-O Na4 14. Nxa4 Bxa4
15. b3 Bb5 16. Bc4 Nd7 17. Bxb5 axb5 18. Be3 c6 19. Qe2 Nf6 20. Bg5 Nd7 21. Bc1
Nf6 22. Rd3 Ra8 23. Ne5 Nd7 24. Rg3 Nxe5 25. dxe5 Kh8 26. Qg4 g6 27. Bh6 f5 28.
exf6 Rxf6 29. Bf4 Rf7 30. Be5+ Bf6 31. Qg5 Bg7 32. Bxg7+ Rxg7 33. Qe5 Rxa2 34.
Rd3 h6 35. Rd6 Kh7 36. Rxe6 Qf8 37. Re8 Qf7 38. Qb8 g5 39. Rh8+ Kg6 40. Qd6+
1-0

[Event "Cappelle-la-Grande 2014"]
[Site "Cappelle-la-Grande (FRA)"]
[Date "????.??.??"]
[Round "2.75"]
[White "Van Vliet, Dennis"]
[Black "Vul, Arkadi Eremeevich"]
[Result "0-1"]
[WhiteElo "2093"]
[BlackElo "2346"]
[PlyCount "72"]

1. d4 d5 2. c4 e6 3. Nc3 c6 4. e3 Nf6 5. Nf3 Nbd7 6. b3 Bb4 7. Bb2 Qa5 8. Qc2
Ne4 9. Rc1 Qxa2 10. Nd2 Nxc3 11. Bxc3 Qxc2 12. Rxc2 Bxc3 13. Rxc3 Ke7 14. e4
dxe4 15. Nxe4 Nf6 16. Nxf6 Kxf6 17. Rf3+ Ke7 18. Kd2 Rd8 19. Kc3 b6 20. Bd3 Bb7
21. Re1 Rd7 22. Re4 g6 23. h4 h5 24. Ref4 f5 25. Re3 Kf6 26. c5 b5 27. Re1 a5
28. g3 Rd5 29. Rf3 Re8 30. Rfe3 e5 31. dxe5+ Rdxe5 32. Rxe5 Rxe5 33. Rxe5 Kxe5
34. f3 Bc8 35. Bc2 Be6 36. Kd3 f4 0-1

[Event "Cappelle-la-Grande 2014"]
[Site "Cappelle-la-Grande (FRA)"]
[Date "????.??.??"]
[Round "2.76"]
[White "Hoolt, Sarah"]
[Black "Kooshani, Mahbuboollah"]
[Result "1-0"]
[WhiteElo "2345"]
[BlackElo "2059"]
[PlyCount "77"]

1. e4 c6 2. d4 d5 3. f3 e6 4. Nc3 Nd7 5. Bf4 Ne7 6. h4 Ng6 7. Bg3 h5 8. Bd3 Be7
9. exd5 exd5 10. Bxg6 fxg6 11. Qd3 Nf8 12. O-O-O Bf5 13. Qe2 Qd7 14. Re1 Kf7
15. Nh3 Re8 16. Qd2 Nh7 17. Nf2 Bd6 18. Be5 Nf6 19. Qf4 Bb4 20. g4 Bxc3 21.
bxc3 hxg4 22. fxg4 Bxg4 23. Bxf6 gxf6 24. Nxg4 Qd8 25. Rxe8 Rxe8 26. Rf1 Re4
27. Qxf6+ Qxf6 28. Nxf6 Rxh4 29. Nxd5+ Kg7 30. Nf4 g5 31. Ne6+ Kg6 32. c4 Re4
33. d5 g4 34. d6 Rxe6 35. d7 Rd6 36. Rd1 Rxd7 37. Rxd7 Kf5 38. Kd2 g3 39. Ke3
1-0

[Event "Cappelle-la-Grande 2014"]
[Site "Cappelle-la-Grande (FRA)"]
[Date "????.??.??"]
[Round "2.77"]
[White "Harazinska, Ewa"]
[Black "Favarel, Antoine"]
[Result "0-1"]
[WhiteElo "2078"]
[BlackElo "2345"]
[PlyCount "30"]

1. d4 Nf6 2. c4 e6 3. Nc3 Bb4 4. Qc2 d5 5. cxd5 exd5 6. Bg5 h6 7. Bh4 c5 8.
dxc5 g5 9. Bg3 Ne4 10. e3 Qa5 11. Nge2 Nc6 12. O-O-O Bf5 13. Qb3 Nxc5 14. Qxd5
Rd8 15. Bd6 Rxd6 0-1

[Event "Cappelle-la-Grande 2014"]
[Site "Cappelle-la-Grande (FRA)"]
[Date "????.??.??"]
[Round "2.78"]
[White "Soltanici, Ruslan"]
[Black "Feryn, Benjamin"]
[Result "1-0"]
[WhiteElo "2344"]
[BlackElo "2055"]
[PlyCount "53"]

1. e4 e5 2. Nf3 Nc6 3. Bb5 Nge7 4. O-O g6 5. c3 a6 6. Ba4 Bg7 7. d4 exd4 8.
cxd4 b5 9. Bc2 O-O 10. d5 Na5 11. Nbd2 c5 12. Rb1 c4 13. b4 Nb7 14. Re1 a5 15.
bxa5 c3 16. Nb3 Nxa5 17. Nbd4 Ba6 18. Nxb5 d6 19. Nfd4 Nb7 20. Bg5 Bxb5 21.
Rxb5 Qc7 22. a4 Nc5 23. Rb4 Qd7 24. Rc4 Rfe8 25. Nb5 Ra6 26. e5 Nc8 27. exd6
1-0

[Event "Cappelle-la-Grande 2014"]
[Site "Cappelle-la-Grande (FRA)"]
[Date "????.??.??"]
[Round "2.79"]
[White "Coimbra, Margarida"]
[Black "Nasuta, Grzegorz"]
[Result "0-1"]
[WhiteElo "2072"]
[BlackElo "2344"]
[PlyCount "84"]

1. e4 c5 2. c3 Nf6 3. e5 Nd5 4. d4 cxd4 5. Nf3 e6 6. cxd4 d6 7. Bc4 Nc6 8. O-O
Be7 9. Bd2 O-O 10. Nc3 Nb6 11. Bb3 d5 12. Qe2 Bd7 13. Rac1 a5 14. a4 Nb4 15.
Nb5 Bc6 16. Rc3 Qd7 17. Rfc1 h6 18. Ne1 f5 19. Rg3 f4 20. Rg6 Bg5 21. Qh5 Bxb5
22. axb5 Nc4 23. Bxc4 dxc4 24. h4 Qf7 25. Nf3 Nd5 26. Nxg5 hxg5 27. Rxg5 Qxh5
28. Rxh5 Rfc8 29. Rg5 a4 30. Rg4 a3 31. bxa3 Rxa3 32. Bxf4 Rb3 33. Bd2 Rxb5 34.
Rg3 Rb2 35. Bc3 Rb3 36. Kf1 b5 37. Be1 Rxg3 38. fxg3 b4 39. Ke2 b3 40. Rb1 Rb8
41. Rc1 c3 42. Kd3 c2 0-1

[Event "Cappelle-la-Grande 2014"]
[Site "Cappelle-la-Grande (FRA)"]
[Date "????.??.??"]
[Round "2.80"]
[White "Tate, Alan"]
[Black "Burille, Matthieu"]
[Result "0-1"]
[WhiteElo "2342"]
[BlackElo "2051"]
[PlyCount "72"]

1. e4 c5 2. Nf3 d6 3. d4 cxd4 4. Nxd4 Nf6 5. Nc3 a6 6. Be3 e6 7. g4 e5 8. Nf5
h5 9. Bg5 hxg4 10. Nd5 Be6 11. Bxf6 gxf6 12. c3 Nd7 13. Qxg4 Qa5 14. Bc4 O-O-O
15. a4 Qc5 16. Qe2 Kb8 17. b4 Qa7 18. a5 Rh3 19. Nfe3 Bh6 20. Ng4 Bg5 21. Nde3
Rc8 22. Ra3 Bxe3 23. Bxe6 Bxf2+ 24. Nxf2 Re3 25. Bxd7 Rg8 26. Ra2 Rxe2+ 27.
Kxe2 b6 28. Bc6 Rc8 29. b5 axb5 30. Bxb5 Rxc3 31. a6 Qc7 32. a7+ Ka8 33. Bd3 f5
34. Rg1 Qc8 35. exf5 d5 36. Kd2 e4 0-1

[Event "Cappelle-la-Grande 2014"]
[Site "Cappelle-la-Grande (FRA)"]
[Date "????.??.??"]
[Round "2.81"]
[White "Hawia, Thierry"]
[Black "Massoni, Michael"]
[Result "0-1"]
[WhiteElo "2064"]
[BlackElo "2341"]
[PlyCount "70"]

1. e4 c5 2. Nf3 d6 3. d4 cxd4 4. Nxd4 Nf6 5. Nc3 e6 6. Be2 Be7 7. f4 O-O 8. Be3
Nc6 9. Qd2 a6 10. O-O-O Qc7 11. g4 Nxd4 12. Bxd4 Nd7 13. h4 b5 14. Bf3 Bb7 15.
g5 b4 16. Ne2 Nc5 17. Bxc5 Qxc5 18. Nd4 Rfe8 19. h5 Rac8 20. g6 Bf6 21. gxf7+
Kxf7 22. Rh2 Qb6 23. e5 dxe5 24. Bxb7 Qxb7 25. fxe5 Bxe5 26. Re2 Bf6 27. Qe3
Qd5 28. Nf3 Qxh5 29. Rd7+ Kg8 30. Qb3 Kh8 31. Rh2 Qf5 32. Rd1 Red8 33. Rdh1 h6
34. Nh4 Bxh4 35. Rxh4 Qg5+ 0-1

[Event "Cappelle-la-Grande 2014"]
[Site "Cappelle-la-Grande (FRA)"]
[Date "????.??.??"]
[Round "2.82"]
[White "Calistri, Tristan"]
[Black "Durnecker, Laurent"]
[Result "1-0"]
[WhiteElo "2339"]
[BlackElo "2051"]
[PlyCount "55"]

1. e4 c5 2. Nf3 d6 3. d4 cxd4 4. Nxd4 Nf6 5. Nc3 a6 6. f3 e5 7. Nb3 Be6 8. Be3
Be7 9. Qd2 h5 10. Be2 Nbd7 11. Nd5 Nxd5 12. exd5 Bf5 13. Na5 Qc7 14. c4 Bh4+
15. g3 Bf6 16. Rc1 e4 17. f4 Bxb2 18. Rb1 Ba3 19. Rxb7 Qd8 20. Qc3 Bc5 21. Nc6
Qc8 22. Qxg7 Qxb7 23. Qxh8+ Nf8 24. Bxc5 Qb1+ 25. Bd1 Bg4 26. O-O Bxd1 27. Bxd6
Kd7 28. Bxf8 1-0

[Event "Cappelle-la-Grande 2014"]
[Site "Cappelle-la-Grande (FRA)"]
[Date "????.??.??"]
[Round "2.83"]
[White "Jessel, Stephen"]
[Black "Smati, Reda"]
[Result "1-0"]
[WhiteElo "2334"]
[BlackElo "2042"]
[PlyCount "71"]

1. Nf3 c5 2. c4 Nc6 3. d4 cxd4 4. Nxd4 e5 5. Nb5 d6 6. N1c3 a6 7. Na3 Be7 8. g3
Be6 9. Bg2 Nf6 10. O-O O-O 11. b3 Qd7 12. Nd5 Rab8 13. Nc2 b5 14. Nxe7+ Nxe7
15. Ba3 Rfd8 16. Ne3 b4 17. Bb2 Bh3 18. Qd3 Bxg2 19. Kxg2 Qe6 20. Rfd1 h5 21.
Rac1 h4 22. Nd5 Ng6 23. Qf3 Ng4 24. e4 Nh6 25. Qh5 Rb7 26. Ne3 Rdd7 27. Nf5 Ne7
28. Nxh6+ gxh6 29. Qxh4 f5 30. exf5 Nxf5 31. Qe4 Qg6 32. c5 d5 33. Qxe5 Kf7 34.
c6 Nh4+ 35. Kh1 Rd6 36. cxb7 1-0

[Event "Cappelle-la-Grande 2014"]
[Site "Cappelle-la-Grande (FRA)"]
[Date "????.??.??"]
[Round "2.84"]
[White "Thetis, Jimmy"]
[Black "Kostiuk, Tatiana"]
[Result "0-1"]
[WhiteElo "2061"]
[BlackElo "2333"]
[PlyCount "67"]

1. d4 Nf6 2. c4 c5 3. d5 b5 4. cxb5 a6 5. b6 g6 6. Nc3 Qxb6 7. e4 d6 8. a4 Bg7
9. a5 Qd8 10. f4 O-O 11. Nf3 e6 12. dxe6 Bxe6 13. Bd3 Nc6 14. O-O Nxa5 15. Qa4
Nb3 16. f5 Nxc1 17. Raxc1 Bd7 18. Qc4 Ng4 19. Rce1 Bb5 20. Nxb5 axb5 21. Qxb5
Rb8 22. Qc4 Rb4 23. Qc1 c4 24. Bxc4 Bxb2 25. Qf4 Qb6+ 26. Kh1 Nf2+ 27. Rxf2
Qxf2 28. Rf1 Qc5 29. Ba2 Qxf5 30. Qh6 Qh5 31. Qd2 Qb5 32. Re1 Be5 33. Bd5 Rb1
34. Kg1 0-1

[Event "Cappelle-la-Grande 2014"]
[Site "Cappelle-la-Grande (FRA)"]
[Date "????.??.??"]
[Round "2.85"]
[White "Dolukhanova, Evgeniya"]
[Black "De Seroux, Camille"]
[Result "1-0"]
[WhiteElo "2331"]
[BlackElo "2038"]
[PlyCount "93"]

1. e4 c5 2. Nf3 d6 3. d4 cxd4 4. Nxd4 Nf6 5. Nc3 Nc6 6. f3 e6 7. Be3 Be7 8. Qd2
O-O 9. g4 d5 10. g5 Nxd4 11. Qxd4 Nh5 12. Rg1 dxe4 13. Qxe4 g6 14. Bd3 Bd7 15.
Qe5 Qb8 16. Qxb8 Rfxb8 17. O-O-O Bc6 18. Be4 Rd8 19. Rxd8+ Bxd8 20. Rd1 Bc7 21.
Bxc6 bxc6 22. h4 Ng3 23. Rd7 Bb6 24. Bxb6 axb6 25. Rc7 Nf5 26. Rxc6 Nxh4 27. f4
Ng2 28. Ne2 Ra4 29. c4 Ne3 30. Rxb6 Rxc4+ 31. Kd2 Nd5 32. Rb8+ Kg7 33. b3 Re4
34. a4 Nxf4 35. Nxf4 Rxf4 36. b4 h5 37. gxh6+ Kxh6 38. a5 Rf2+ 39. Kc3 Ra2 40.
Rh8+ Kg7 41. Rh1 f5 42. Kb3 Rd2 43. a6 f4 44. a7 Rd3+ 45. Ka4 Rd8 46. b5 f3 47.
b6 1-0

[Event "Cappelle-la-Grande 2014"]
[Site "Cappelle-la-Grande (FRA)"]
[Date "????.??.??"]
[Round "2.86"]
[White "Couche, Didier"]
[Black "Marholev, Dimitar"]
[Result "0-1"]
[WhiteElo "2051"]
[BlackElo "2326"]
[PlyCount "78"]

1. d4 d6 2. c4 e5 3. d5 Be7 4. e4 Na6 5. b4 Bg5 6. Bb2 Bd7 7. a3 Nh6 8. Bd3 O-O
9. Ne2 f5 10. exf5 Nxf5 11. Bxf5 Bxf5 12. Ng3 Bg6 13. O-O Bf4 14. Nc3 Qh4 15.
Nce2 Bxg3 16. Nxg3 Qxc4 17. Rc1 Qb5 18. Qd2 Qd3 19. Qxd3 Bxd3 20. Rfd1 Bg6 21.
Rc4 Rae8 22. f3 Rf4 23. Rc3 Rd4 24. Rcc1 Rxd1+ 25. Rxd1 Kf7 26. Bc1 Ke7 27. Be3
Ra8 28. Kf2 Nb8 29. Bg5+ Kd7 30. Re1 h6 31. Bd2 Bf7 32. Nf5 g6 33. Nxh6 Bxd5
34. f4 Nc6 35. b5 Nd4 36. fxe5 Rf8+ 37. Kg3 Nxb5 38. exd6 Nxd6 39. Ng4 Ne4+ 0-1